000 00435nam a2200193Ia 4500
005 20240823022718.0
008 240823s9999||||xx |||||||||||||| ||und||
020 _a81-7809-202-6
041 _aENGLISH
082 _A291.4 P3
100 _a"Duncan,Todd"
245 0 _aWealth Strategies
250 _a1st
260 _c2003
_b"Magna,M"
_aMumbai
500 _aYES
650 _aPhysical
_bGeneral
942 _cBK
999 _c179821
_d179821